01948nac a22003975a 4500999001500000003000900015005001700024008004100041020002800082020001800110040004300128082002200171100003200193245013000225250002000355250002700375264006100402264001000463300004400473336002600517337002800543338002700571504005100598590003800649650004400687650005500731650004300786650005400829653002100883655010900904942001201013952013701025952012401162952013201286952013201418 c7857d7857EG-ScBUE20201128013347.0081111t2003 njua f b 001 0 eng d a013121988X (alk. paper) a9780131219885 aEG-ScBUEbengerdacEG-ScBUEdEG-ScBUE04a303.4834bBAA2221 aBaase, Sara,eauthor.9105212aA Gift of fire :bsocial, legal, and ethical issues for computers and the internet /cSara Baase, San Diego State University. aSecond edition. aInternational edition. 1aUpper Saddle River, NJ :bPearson Prentice Hall,c[2003] 4cc2003 axv, 464 pages :billustrations ;c24 cm 2rdacontentatextbtxt 2rdamediaaunmediatedbn 2rdacarrieravolumebnc aIncludes bibliographical references and index. acatalogued by : Mostafa El-Helaly 7aComputersxSocial aspects.910542BUEsh 7aComputersxMoral and ethical aspects.942782BUEsh 7aInternetxSocial aspects.910562BUEsh 7aInternetxMoral and ethical aspects.910572BUEsh cAugust2015bGGEN aLegal & Professional Issues in Computing- year 2.xComputer ScienceySemester 2. 2008/2009vReading book cBB2ddc 00102ddc40708BaccahaMAINbMAINc1STd2008-02-07epurchasel13m62o303.4834 BAAp000009707r2025-07-15 00:00:00s2014-03-04yBB 00102ddc4070aMAINbMAINc1STd2008-02-07ePurchasel5o303.4834 BAAp000009594r2025-07-15 00:00:00s2009-03-25yBB 00102ddc40708BaccahaMAINbMAINc1STd2008-11-11epurchasel8o303.4834 BAAp000009616r2025-07-15 00:00:00s2014-03-04yNB 00102ddc40708BaccahaMAINbMAINc1STd2020-09-06ePurchasel0o303.4834 BAAp000049559r2025-07-15 00:00:00w2020-09-06yBB